| 000 | 00444cam a22001217a 4500 | ||
|---|---|---|---|
| 008 | 180718b1970 xxu||||| |||| 00| 0 eng d | ||
| 082 | _aP422x5469 T738ev/1951-66 | ||
| 245 |
_aEvalution report of elementry educationduring the plan periods in Tripura _cby Evalution organisation, Tripura |
||
| 260 |
_aAgartala _bEvalution Organisation _c1970 |
||
| 300 | _a49p. | ||
| 440 | _aEvalution Organisation; No.3 | ||
| 700 | _aTripura.Evalution organisation | ||
| 999 |
_c494642 _d494642 |
||